| 000 | 00501nam a22001577a 4500 | ||
|---|---|---|---|
| 003 | SISC | ||
| 005 | 20161004143013.0 | ||
| 008 | 161004b xxu||||| |||| 00| 0 eng d | ||
| 020 | _a9781682851807 | ||
| 050 |
_aQA 76.9.D3 _b.B592 2016 |
||
| 245 |
_aBig data analytics : _b(database management systems) / _cedited by Conor Suarez. |
||
| 260 |
_aNew York : _bWillford Press, _c2016. |
||
| 300 |
_a240 pages : _billustrations ; _c27 cm. |
||
| 500 | _aIncludes bibliographical references. | ||
| 942 |
_2lcc _cBK |
||
| 999 |
_c305144 _d305144 |
||